Deterministické modely rozvrhování výroby

Gespeichert in:
Bibliographische Detailangaben
1. Verfasser: Vlach, Milan
Format: Buch
Sprache:Tschechisch
Veröffentlicht: Praha Státní nakladatelství technické literatury 1983
Tags: Tag hinzufügen
Keine Tags, Fügen Sie das erste Tag hinzu!

MARC

LEADER 00000nam a2200000 4500
001 c118893
005 20041019155212.7
041 0 |a cze 
044 |a CZ 
245 1 0 |a Deterministické modely rozvrhování výroby  |c Milan Vlach 
264 1 |a Praha  |b Státní nakladatelství technické literatury  |c 1983 
300 |a 129 s. 
100 1 |a Vlach, Milan